000 00360nam a2200133Ia 4500
008 151001s9999||||xx |||||||||||||| ||und||
100 _aब गं बापट
245 _aवैदिक गणित
250 _a1
260 _bkçáÀ}kçÀCçça çÆo.o.
260 _c1982
300 _a70
365 _b21
999 _c962897
_d962894